Pháp chế về các hội bảo hiểm, khế ước bảo hiểm và kiểm soát các hội bảo hiểm
Giới thiệu sắc luật số 015/65 ngày 17 - 9 - 1965 ấn định quy chế các hoạt động bảo hiểm của Việt Nam Cộng hòa.
محفوظ في:
| التنسيق: | كتاب |
|---|---|
| اللغة: | Undetermined |
| منشور في: |
Sài Gòn
1965
|
| الموضوعات: | |
| الوسوم: |
إضافة وسم
لا توجد وسوم, كن أول من يضع وسما على هذه التسجيلة!
|
| Thư viện lưu trữ: | Trung tâm Học liệu Trường Đại học Cần Thơ |
|---|
| LEADER | 00777nam a2200181Ia 4500 | ||
|---|---|---|---|
| 001 | CTU_204528 | ||
| 008 | 210402s9999 xx 000 0 und d | ||
| 082 | |a 344.59702 | ||
| 082 | |b Ph109 | ||
| 245 | 0 | |a Pháp chế về các hội bảo hiểm, khế ước bảo hiểm và kiểm soát các hội bảo hiểm | |
| 245 | 0 | |c Việt Nam Cộng hòa | |
| 260 | |a Sài Gòn | ||
| 260 | |c 1965 | ||
| 520 | |a Giới thiệu sắc luật số 015/65 ngày 17 - 9 - 1965 ấn định quy chế các hoạt động bảo hiểm của Việt Nam Cộng hòa. | ||
| 650 | |a Insurance law,Luật bảo hiểm | ||
| 650 | |z Vietnam,Việt Nam | ||
| 904 | |i Hải | ||
| 980 | |a Trung tâm Học liệu Trường Đại học Cần Thơ | ||